000 00508nam a2200193Ia 4500
005 20250923144343.0
008 008 250917s9999 xx 000 0 eng d
037 _aTextual
040 _aDSWL
_beng
_cDSWL
041 _aeng
_2eng
084 _aSN13, N42
_qDSWL
100 _aJacobi, Jolen
_9824015
245 0 _aPsychology of Jung
_cby Jolen Jacobi
260 _aLondon
_c1949
300 _a166 p.
365 _aINR
942 _cTEXL
_hSN13, N42
999 _c1437819
_d1437819